000 00811nam a2200253 i 4500
001 bg
100 1 _aJonca, Karol
_d(1930-2008)
245 1 0 _aRozwój gospodarczy Polski do 1939 roku /
_cKarol Jonca.
250 _aWyd.2.
260 _aWrocław :
_bWydaw. Uniwersytetu Wrocławskiego,
_c2000.
300 _a213, [1] s. :
_bmapy ;
_c24 cm.
490 1 _aPodręczniki Wydziału Prawa i Administracji Uniwersytetu Wrocławskiego
504 _aBibliogr.
651 9 _aPolska
_xgospodarka
655 _aPodręczniki akademickie
830 _aPodręczniki Wydziału Prawa i Administracji Uniwersytetu Wrocławskiego
020 _a8322921659
040 _cBPK
041 0 _apl
080 _a338.1(438)(091)(075.8)
920 _a83-229-2165-9
942 _cKS
008 s pl f |000 0 pol
999 _c40403
_d40403
856 _uhttp://koha.tu.koszalin.pl/cgi-bin/koha/opac-detail.pl?biblionumber=40403
_yKatalog online BPK